ბათუმის შოთა რუსთაველის სახელმწიფო უნივერსიტეტის ბიბლიოთეკა

Литература древнего мира : (ბიბ.ჩანაწერი № 61138)

000 -LEADER
fixed length control field 00582nam a22001697a 4500
005 - DATE AND TIME OF LATEST TRANSACTION
control field 20231222112348.0
008 - FIXED-LENGTH DATA ELEMENTS--GENERAL INFORMATION
fixed length control field 231222s1988 ru ||||| |||| 00| 0 rus d
020 ## - INTERNATIONAL STANDARD BOOK NUMBER
International Standard Book Number 5090015244
041 ## - LANGUAGE CODE
Language code of text/sound track or separate title rus
080 ## - UNIVERSAL DECIMAL CLASSIFICATION NUMBER
Universal Decimal Classification number 821.14'01 A-86
100 ## - MAIN ENTRY--PERSONAL NAME
Personal name Артамонов, С.Д.
9 (RLIN) 15437
245 ## - TITLE STATEMENT
Title Литература древнего мира :
Statement of responsibility, etc. С.Д. Артамонов.
264 ## - PRODUCTION, PUBLICATION, DISTRIBUTION, MANUFACTURE, AND COPYRIGHT NOTICE
Place of production, publication, distribution, manufacture М.:
Name of producer, publisher, distributor, manufacturer Просвещение,
Date of production, publication, distribution, manufacture, or copyright notice 1988.
300 ## - PHYSICAL DESCRIPTION
Extent 256 с. :
Other physical details илл.;
Dimensions 23 см.
653 ## - INDEX TERM--UNCONTROLLED
keyword ძველი სამყაროს ლიტერატურა
942 ## - ADDED ENTRY ELEMENTS (KOHA)
Source of classification or shelving scheme
Koha item type წიგნი
ეგზემპლარები
Withdrawn status Lost status Source of classification or shelving scheme Damaged status Not for loan Permanent Location Current Location Shelving location Date acquired Cost, normal purchase price Full call number Barcode Date last seen Copy number Uniform Resource Identifier Price effective from Koha item type Public note
          ბათუმის შოთა რუსთაველის სახელმწიფო უნივერსიტეტის მთავარი ბიბლიოთეკა ბათუმის შოთა რუსთაველის სახელმწიფო უნივერსიტეტის მთავარი ბიბლიოთეკა წიგნსაცავი 2023-12-22 10.00 821.14'01 A-86 65653 2023-12-22 65653 ბსუ-ს საპატიო დოქტორის გურამ ლორთქიფანიძის საჩუქარი 2023-12-22 წიგნი 10 ლ.